Statystyki dla Polska na MŚ 2019 U-20

Kliknij tutaj aby rozwiązać quiz!

Ogólne statystyki

  • Ten quiz został rozwiązany 38 razy
  • Średni wynik to 11 z 22

Statystyki odpowiedzi

HintOdpowiedź% Poprawnych
1Legia WarszawaRadosław Majecki
97%
20Bayern MonachiumMarcel Zylla
83%
8Leeds UnitedMateusz Bogusz
74%
TrenerJacek Magiera
71%
6Pogoń SzczecinSebastian Walukiewicz
63%
14AS RomaNicola Zalewski
60%
16Zagłębie LubinBartosz Ślisz
57%
15ŁKS ŁódźJan Sobociński
54%
7Lechia GdańskTomasz Makowski
54%
3GKS KatowiceTymoteusz Puchacz
54%
11St. PauliJakub Bednarczyk
51%
10VFB StuttgartDavid Kopacz
49%
91. FC NorymbergaDominik Steczyk
49%
18Bayer LeverkusenAdrian Stanilewicz
46%
17Pogoń SzczecinAdrian Benedyczak
37%
5Odra OpoleSerafin Szota
34%
4Górnik ZabrzeAdrian Gryszkiewicz
31%
2Werder BremaMaik Nawrocki
31%
21NAC BredaKarol Niemczycki
29%
12Puszcza NiepołomiceMiłosz Mleczko
29%
19GKS KatowiceAdrian Łyszczarz
26%
13Bruk Bet Termalica NiecieczaMichał Skóraś
23%

Rozkład punktacji

Percentyl według liczby udzielonych odpowiedzi

Procent ludzi z każdym wynikiem

Twoja historia wyników

Nie rozwiązałeś tego quizu